000
00271nam a22001217a 4500
008
181024b xxu||||| |||| 00| 0 eng d
041
_a
eng
080
_2
22nd
_a
610
100
_a
4
101
_a
SHM
245
_a
Medical Dictionary
_c
Williams& Wilkins
942
_2
udc
_c
BK
999
_c
50853
_d
50853